| Tag |
First Indicator |
Second Indicator |
Subfields |
| LEADER |
00000cam a2200000 a 4500 |
| 001 |
in00001486813 |
| 005 |
20151021070233.0 |
| 008 |
981130s1999 nyua b 001 0beng |
| 010 |
|
|
|a 98053592
|
| 020 |
|
|
|a 0805056599 (hbk. : alk. paper)
|
| 035 |
|
|
|a (OCoLC)40473788
|
| 035 |
|
|
|9 AJG9794AM
|
| 040 |
|
|
|a DLC
|c DLC
|d TXA
|d UtOrBLW
|
| 043 |
|
|
|a n-us---
|
| 049 |
|
|
|a TXAM
|
| 050 |
0 |
0 |
|a E840.8.A37
|b D63 1999
|
| 082 |
0 |
0 |
|a 327.73/0092
|a B
|2 21
|
| 100 |
1 |
|
|a Dobbs, Michael,
|d 1950-
|
| 245 |
1 |
0 |
|a Madeleine Albright :
|b a twentieth-century odyssey /
|c Michael Dobbs.
|
| 250 |
|
|
|a 1st ed.
|
| 264 |
|
1 |
|a New York :
|b Henry Holt and Co.,
|c 1999.
|
| 300 |
|
|
|a vii, 466 pages :
|b illustrations ;
|c 25 cm.
|
| 336 |
|
|
|a text
|b txt
|2 rdacontent
|
| 337 |
|
|
|a unmediated
|b n
|2 rdamedia
|
| 338 |
|
|
|a volume
|b nc
|2 rdacarrier
|
| 504 |
|
|
|a Includes bibliographical references and index.
|
| 600 |
1 |
0 |
|a Albright, Madeleine Korbel.
|
| 650 |
|
0 |
|a Women cabinet officers
|z United States
|v Biography.
|
| 650 |
|
0 |
|a Cabinet officers
|z United States
|v Biography.
|
| 610 |
2 |
0 |
|a United Nations
|x Officials and employees
|x Biography.
|
| 650 |
|
0 |
|a Ambassadors
|z United States
|v Biography.
|
| 948 |
|
|
|a c:cer
|d 20041105
|
| 999 |
|
|
|a MARS
|
| 999 |
f |
f |
|s 00a49ed2-8a78-3068-9d18-b140147b3703
|i b2122052-9cd9-3aac-a0f9-0284224c53ab
|t 0
|
| 952 |
f |
f |
|p ric
|a Texas A&M University
|b Rellis Campus
|c Joint Library Facility
|d Remote Storage
|t 0
|e E840.8.A37 D63 1999
|h Library of Congress classification
|i unmediated -- volume
|m A14824996660
|
| 998 |
f |
f |
|a E840.8.A37 D63 1999
|t 0
|l Remote Storage
|